LDR 01222naa#a2200181#i#450# 001 RU\\bibl\122714 005 20260605231505.5 011 ## _a2782-6678 100 ## _a20260504b2026####ek#y0rusy0150####ca 101 0# _aRUS 102 ## _aRU 200 1# _aПрименение компьютерного моделирования для задач учета температурных деформаций железобетонных сооружений в процессе геодезического сопровождения строительства _eЖурнальная статья 210 1# _aМосква _cФедеральное государственное бюджетное образовательное учреждение высшего образования "Московский государственный университет геодезии и картографии" _d2026 215 ## _a17 с. 608 ## _aЖурнальная статья _2local 686 ## _aПрикладная геодезия. Прикладные применения аэросъемки и фотограмметрии. 36.23 _2grnti 700 #1 _aМихайлов _gАртем Алексеевич 856 4# _amiigaik.editorum.ru _u